000 00315nam a22001337a 4500
008 181012b xxu||||| |||| 00| 0 eng d
020 _a9781416059233
041 _aeng
080 _26th
_a610
100 _a4
101 _aSHM
245 _aClinical Assessment in Respiratory Care
_cWilkins, R.L
942 _2udc
_cBK
999 _c49562
_d49562